Sports Quiz

Random Sports or MLB Quiz
Score 0/28 Timer 09:00
0 Plays Today
HR Player % Correct
408Albert Pujols
94.2%
345Alex Rodriguez
89.1%
320Mickey Mantle
83.5%
350Ken Griffey, Jr.
82.8%
342Hank Aaron
82.2%
319Willie Mays
79.7%
323Ted Williams
75%
301Frank Thomas
65%
310Manny Ramirez
63.8%
303Joe DiMaggio
58.1%
314Mike Schmidt
56.9%
301Andruw Jones
54.6%
324Frank Robinson
53.4%
321Miguel Cabrera
51.8%
HR Player % Correct
311Ryan Howard
51.6%
301Juan González
50.3%
310Jeff Bagwell
47.7%
308Giancarlo Stanton
42.8%
321Albert Belle
42.6%
354Adam Dunn
41%
335Ernie Banks
40%
369Ralph Kiner
37.5%
314Mike Piazza
37.2%
370Eddie Mathews
36.3%
305Vladimir Guerrero
33.5%
299Mo Vaughn
27.1%
338Mark Teixeira
25.6%
302Rocky Colavito
13.4%

You're not logged in!

Compare scores with friends on all Sporcle quizzes.
OR
Log In

Sporcle TV

Today on Sporcle TV


Watch our educational content, quiz creation guides, and fun videos on Sporcle TV.

Show Comments

Extras

Top Quizzes Today


Score Distribution

Paid Content

Your Account Isn't Verified!

In order to create a playlist on Sporcle, you need to verify the email address you used during registration. Go to your Sporcle Settings to finish the process.

Report this User

Report this user for behavior that violates our Community Guidelines.

Details: